| 000 | 01260nam a22003374a 4500 | ||
|---|---|---|---|
| 001 | ebr10089216 | ||
| 003 | CaPaEBR | ||
| 006 | m u | ||
| 007 | cr cn||||||||| | ||
| 008 | 050203s2005 dcua sb i000 0 eng | ||
| 010 | _z 2005043244 | ||
| 020 | _z0821360698 | ||
| 020 | _z0821360701 (e-ISBN) | ||
| 040 |
_aCaPaEBR _cCaPaEBR |
||
| 035 | _a(OCoLC)559915135 | ||
| 043 | _acl----- | ||
| 050 | 1 | 4 |
_aHV4050.5.A5 _bU74 2005eb |
| 082 | 0 | 4 |
_a362.5/098/091732 _222 |
| 245 | 0 | 4 |
_aThe urban poor in Latin America _h[electronic resource] / _cMarianne Fay, editor. |
| 260 |
_aWashington, D.C. : _bWorld Bank, _cc2005. |
||
| 300 |
_axiii, 266 p. : _bill. |
||
| 490 | 1 | _aDirections in development | |
| 504 | _aIncludes bibliographical references. | ||
| 533 |
_aElectronic reproduction. _bPalo Alto, Calif. : _cebrary, _d2013. _nAvailable via World Wide Web. _nAccess may be limited to ebrary affiliated libraries. |
||
| 650 | 0 |
_aUrban poor _zLatin America. |
|
| 655 | 7 |
_aElectronic books. _2local |
|
| 700 | 1 | _aFay, Marianne. | |
| 710 | 2 | _aebrary, Inc. | |
| 830 | 0 | _aDirections in development (Washington, D.C.) | |
| 856 | 4 | 0 |
_uhttp://site.ebrary.com/lib/rucke/Doc?id=10089216 _zAn electronic book accessible through the World Wide Web; click to view |
| 999 |
_c52077 _d52077 |
||